HUMAN ANATOMY: LOWER LIMB ABDOMEN AND PELVIS VOL-2 (Record no. 22004)

MARC details
000 -LEADER
fixed length control field 00363nam a22001577a 4500
003 - CONTROL NUMBER IDENTIFIER
control field SGT
020 ## - INTERNATIONAL STANDARD BOOK NUMBER
International Standard Book Number 9789388902748
082 ## - DEWEY DECIMAL CLASSIFICATION NUMBER
Classification number 611
Item number H21C
100 ## - MAIN ENTRY--PERSONAL NAME
Personal name CHAURSIA, B.D.
245 ## - TITLE STATEMENT
Title HUMAN ANATOMY: LOWER LIMB ABDOMEN AND PELVIS VOL-2
250 ## - EDITION STATEMENT
Edition statement 8TH
260 ## - PUBLICATION, DISTRIBUTION, ETC. (IMPRINT)
Place of publication, distribution, etc INDIA
Name of publisher, distributor, etc CBS PUB
Year of Publication 2021
300 ## - PAGE DESCRIPTION
No. of Pages 532
650 ## - SUBJECT ADDED ENTRY--TOPICAL TERM
Topical term or geographic name as entry element HUMAN ANATOMY
942 ## - ADDED ENTRY ELEMENTS (KOHA)
Source of classification or shelving scheme Dewey Decimal Classification
Koha item type Books
942 ## - ADDED ENTRY ELEMENTS (KOHA)
-- 162
Holdings
Withdrawn status Lost status Source of classification or shelving scheme Damaged status Not for loan Collection code Home library Current library Shelving location Date acquired Vendor Name Cost, normal purchase price Volume Information (Serial or Books or Non-Book Material) SGTU Bill Number Total Checkouts Full call number Accession No. (Barcode) Date last seen Date last borrowed Bill Date Koha item type Total Renewals
    Dewey Decimal Classification     MEDICAL SGT Medical Library SGT Medical Library Text Book 06/11/2021 ABC DELHI 760.00 VOLUME-2 SGTU 13417 25 611 H21C FM12633 14/01/2025 14/01/2025   Books  
    Dewey Decimal Classification     MEDICAL SGT Medical Library SGT Medical Library Text Book 06/11/2021 ABC DELHI 760.00 VOLUME-2 SGTU 13417 28 611 H21C FM12634 08/04/2026 26/03/2026   Books 1
    Dewey Decimal Classification     MEDICAL SGT Medical Library SGT Medical Library Text Book 06/11/2021 ABC DELHI 760.00 VOLUME-2 SGTU 13417 34 611 H21C FM12635 17/04/2026 03/04/2026   Books  
    Dewey Decimal Classification     MEDICAL SGT Medical Library SGT Medical Library Text Book 06/11/2021 ABC DELHI 760.00 VOLUME-2 SGTU 13417 33 611 H21C FM12636 15/12/2025 10/12/2025   Books  
    Dewey Decimal Classification     MEDICAL SGT Medical Library SGT Medical Library Text Book 06/11/2021 ABC DELHI 760.00 VOLUME-2 SGTU 13417 32 611 H21C FM12637 01/06/2026 15/05/2026   Books  
    Dewey Decimal Classification     MEDICAL SGT Medical Library SGT Medical Library Text Book 06/11/2021 ABC DELHI 760.00 VOLUME-2 SGTU 13417 35 611 H21C FM12638 04/04/2026 24/03/2026   Books 1